Gender and class consciousness

Αποθηκεύτηκε σε:
Λεπτομέρειες βιβλιογραφικής εγγραφής
Κύριος συγγραφέας: Hunt, Pauline
Μορφή: Βιβλίο
Γλώσσα:English
Δημοσίευση: London : McMillan Press, 1983
Θέματα:
Ετικέτες: Προσθήκη ετικέτας
Δεν υπάρχουν, Καταχωρήστε ετικέτα πρώτοι!

MARC

LEADER 00000nam a2200000 i 4500
001 1/30477
008 960404s1983 eng d
020 |a 0333351088 
035 |l 10023409 
040 |a GR-MY-UA  |b gre  |e aacr 
041 0 |a eng 
082 0 |a 331.10942 
100 1 |a Hunt, Pauline. 
245 1 0 |a Gender and class consciousness 
260 |a London :   |b McMillan Press,   |c 1983 
300 |a 210 p. 
650 0 0 |a Labor supply  |z England  |z Lancashire  |z Silverdale. 
650 0 0 |a Marriage  |x England  |x Silverdale (Staffordshire) 
650 0 0 |a Sex role. 
852 |a INST  |b CHIOS  |e 19960404  |h 331.10942 HUN  |p 005200005753  |q 005200005753  |t BK  |y 0 
909 |a Χ  |b 001629